Dyktatorzy - Statystyki

Ogólne statystyki
  • Ten quiz został rozwiązany 209 razy
  • Średni wynik to 8 z 10
Statystyki odpowiedzi
Dyktator Państwo % Poprawnych
Mao Zedong Chiny
99%
Adolf Hitler III Rzesza / Niemcy
98%
Józef Stalin Związek Socjalistycznych Republik Radzieckich / ZSRR
96%
Leonid Breżniew Związek Socjalistycznych Republik Radzieckich / ZSRR
96%
Benito Mussolini Włochy
95%
Fidel Castro Kuba
84%
Saddam Husajn Irak
80%
Pol Pot Kambodża
68%
Josef Tiso Słowacja
41%
Kārlis Ulmanis Łotwa
25%
Nie znaleziono quizów pasujących do podanych kryteriów
Rozkład punktacji
Procent ludzi z każdym wynikiem
Percentyl według liczby udzielonych odpowiedzi
Twoja historia wyników
Nie rozwiązałeś tego quizu